Tam quốc diễn nghĩa liên hoàn họa : Truyện tranh Tập 11: Viên môn bắn kích

Thuật lại việc Lã Bố hòa giải cuộc chiến giữa Viên Thuật và Lưu Bị

Enregistré dans:
Détails bibliographiques
Auteur principal: La Quán Trung
Autres auteurs: Vương Tinh Bắc (Lời), Phan Cần Mạnh (Lời), Tưởng Bình (Tranh), Chu Quang Ngọc (Tranh), Triệu Tấn (Tranh), Từ Nhất Minh (Tranh), Đồ Toàn Phong (Tranh), Lăng Đào (Tranh), Trần Đình Chiến (Dịch)
Format: Livre
Langue:Vietnamese
Publié: H. Văn học 2016
Édition:Tái bản lần thứ 1
Sujets:
Tags: Ajouter un tag
Pas de tags, Soyez le premier à ajouter un tag!
Thư viện lưu trữ: Thư viện Trường Đại học Nam Cần Thơ
LEADER 01651nam a22003257a 4500
001 NCT_4_021230
008 250524b xxu||||| |||| 00| 0 vie d
999 |c 9036  |d 9036 
020 |a 9786046974949  |c 11500 
082 0 4 |2 23rd ed.  |a 895.1  |b Tr513/T.11 
100 1 |a La Quán Trung 
245 1 0 |a Tam quốc diễn nghĩa liên hoàn họa :   |b Truyện tranh   |n Tập 11:  |p Viên môn bắn kích  |c La Quán Trung (Nguyên tác) ; Vương Tinh Bắc, Phan Cần Mạnh (Lời) ; Tưởng Bình,...(Tranh) ; Trần Đình Chiến (Dịch) 
250 |a Tái bản lần thứ 1 
260 |a H.  |b Văn học  |c 2016 
300 |a 116 tr.  |b MInh họa  |c 16x12 cm 
500 |a Đông A biên chỉnh theo bản Tam quốc diễn nghĩa do Phan Kế Bính dịch, Bùi Kỷ hiệu đính, NXB Phổ Thông, 1959-1960 
520 3 |a Thuật lại việc Lã Bố hòa giải cuộc chiến giữa Viên Thuật và Lưu Bị 
653 |a Tham khảo  
700 1 |a Vương Tinh Bắc  |e Lời 
700 1 |a Phan Cần Mạnh   |e Lời 
700 1 |a Tưởng Bình   |e Tranh 
700 1 |a Chu Quang Ngọc  |e Tranh 
700 1 |a Triệu Tấn  |e Tranh 
700 1 |a Từ Nhất Minh  |e Tranh 
700 1 |a Đồ Toàn Phong  |e Tranh 
700 1 |a Lăng Đào  |e Tranh 
700 1 |a Trần Đình Chiến   |e Dịch 
942 |2 ddc  |c BK 
952 |0 0  |1 0  |2 ddc  |4 0  |6 895_100000000000000_TR513_T_11  |7 0  |9 30844  |a 000001  |b 000001  |d 2025-05-24  |o 895.1 Tr513/T.11  |p TK.05506  |r 2025-05-24  |v 11500.00  |w 2025-05-24  |y BK 
980 |a Thư viện Trường Đại học Nam Cần Thơ